Arco constitucional Elementares ensaios jurd̕icos e polt̕icos sobre as regie̳s autn̤omas portuguesas /

Detalles Bibliográficos
Autor principal: Ourique, Arnaldo
Formato: eBook
Lenguaje:portugués
Publicado: [Barcelona] : Editorial vLex, 2011.
Materias:
Acceso en línea:Acceso restringido

MARC

LEADER 00000nam a22000007a 4500
005 20110905114155.0
008 110905t2011 sp ||||s|||| 001 0 por d
035 |a 5645 
040 |a vLex 
090 |c 2367  |d 2367 
100 1 |a Ourique, Arnaldo 
245 1 0 |a Arco constitucional  |h [Recurso electrn̤ico] :  |b Elementares ensaios jurd̕icos e polt̕icos sobre as regie̳s autn̤omas portuguesas /  |c Arnaldo Ourique 
256 |a Servicio en ln̕ea. 
260 |a [Barcelona] :  |b Editorial vLex,  |c 2011. 
300 |a 1 recurso electrn̤ico 
506 1 |a Contenido solo disponible en los productos indicados  |d vLex Global  |d vLex Global (Academic Edition, excluding Law Schools)  |d vLex Global (U.S. Academic Edition, Law Schools)  |d vLex Global (U.S. Academic Edition, excluding Law Schools)  |d vLex Global (Academic Edition, Law Schools) 
650 0 4 |a Ensayos jurd̕icos  |z Portugal 
740 0 |a vLex Libros (Servicio en ln̕ea) 
856 4 0 |u http://vlex.com/source/arco-constitucional-elementares-ensaios-juridicos-politicos-regioes-autonomas-portuguesas-5645  |z Acceso restringido 
942 |c BOOK